Vista normal Vista MARC

Entrada Personal Name

Número de registros utilizados en: 1

001 - CONTROL NUMBER

  • control field: 67420

003 - CONTROL NUMBER IDENTIFIER

  • control field: OSt

005 - DATE AND TIME OF LATEST TRANSACTION

  • control field: 20251113212611.0

008 - FIXED-LENGTH DATA ELEMENTS

  • fixed length control field: 251113|| aca||aabn | a|a d

040 ## - CATALOGING SOURCE

  • Original cataloging agency: OSt
  • Transcribing agency: OSt

100 ## - HEADING--PERSONAL NAME

  • Personal name: Sorolla, Joaquín
  • Dates associated with a name: 1863-1923
  • General subdivision: Trabajos pictóricos
  • General subdivision: Critica e interpretación

670 ## - SOURCE DATA FOUND

  • Source citation: Work cat.: (OSt)59986: García Sánchez, Laura aut 67419, Sorolla /









Instituto Departamental de Cultura del Meta - Red Departamental de Bibliotecas Públicas del Meta.